Statistics for Doctor Who New Series (1-10) Monsters & Villains

Click here to take the quiz!

General Stats

  • This quiz has been taken 430 times
    (403 since last reset)
  • The average score is 33 of 88

Answer Stats

Answer% Correct
Daleks
98%
Cybermen
93%
Slitheen
86%
Weeping Angels
85%
The Master
81%
Autons and the Nestene
77%
Cassandra
73%
Sontarans
72%
Ood
71%
Judoon
66%
Silence
66%
The Beast
64%
Gas Mask Zombies
62%
Werewolf
61%
Vashta Nerada
60%
Adipose
59%
Abzorbaloff
56%
Sycorax
55%
Clockwork Robots
54%
The Gelth
54%
Davros
53%
Scarecrows & The Family of Blood
52%
Jagrafess
51%
Vespiform
49%
Rassilon
48%
Reapers
48%
Silurians
48%
Krillitane
46%
Carrionites
45%
Lazarus
45%
The Flood
45%
Zygons
45%
Prisoner Zero
44%
The Wire
44%
Saturnynes
43%
Macra
41%
Hath
40%
Midnight Enity
40%
Racnoss
40%
Trickster
40%
Great Intelligence
37%
Pyrovile
36%
Toclafane
34%
Atraxi
33%
Ice Warriors
33%
Max Capricorn
33%
The Sun Possessed
33%
Dream Lord
32%
Futurekind
32%
Heavenly Host
32%
The Flesh
32%
Headless Monks
31%
Sisters of Plenitude
30%
Pig Slaves
29%
Plasmavore
29%
Foretold
27%
Ghosts
27%
Isolus Child
27%
Smilers
27%
Heather
26%
Peg Dolls
22%
Siren
22%
Stingrays
21%
House
20%
Minotaur
20%
Sherwood Robots
20%
Shakri
18%
Quantum Shade
15%
Akhaten God
14%
Boneless
14%
Dream Crabs
14%
Gunslinger
14%
Handbots
13%
Mr Sweet
13%
Emojibots
12%
Odin and the Mire
12%
The Fisher King
12%
The Sandmen and Rasmussen
12%
The Teller
12%
Skovox Blitzer
11%
Eknodine
8%
King Hydroflax
8%
Teselecta
8%
Leandro
7%
Colony Sarff
5%
Gus
4%
Harmony Shoal
4%
Krafayas
4%

Score Distribution

Percentile by Number Answered

Percent of People with Each Score

Your Score History

You have not taken this quiz since the last reset